Regionálna geografia rastlinstva. (Vybrané kapitoly)

Bibliographic Details
Main Authors: Seko, Lucian, 1935- (Author), Nevřelová, Marta, 1970- (Author), Reháčková, Tamara, 1965- (Author)
Format: Book
Language:Slovak
PhysicalDescription:90 s. ilustr., mp., sch., tab. 30 cm
Published: Bratislava STIMUL 1998
ISBN:8085697947
Subjects:

MARC

LEADER 00000nam a2200000 a 4500
001 vtls001424055
003 SK-MaSNL
005 20260323104801.0
008 240509s1998 xo aa r y slo
015 |a SNBA2002/03-00914 
020 |a 8085697947 
035 |a SNK000378934 
035 |a urn:nbn:sk:snk-am3hq45 
035 |a 00B69DE9-C788-4A53-BFE5-EA5FA77A5603 
035 |a urn:nbn:sk:snk-am00cti8 
040 |a SNK  |b slo  |c SNK  |e AACR2 
041 0 |a slo 
044 |a xo  |c SK 
080 |a 911.2:581.9(075.8)  |2 1981 
080 |a 581.9(075.8)  |2 1981 
100 1 |a Seko, Lucian,  |d 1935-  |4 aut  |9 39160 
245 1 0 |a Regionálna geografia rastlinstva. (Vybrané kapitoly)  |c Lucian Seko, Marta Nevřelová, Tamara Reháčková 
260 |a Bratislava  |b STIMUL  |c 1998 
300 |a 90 s.  |b ilustr., mp., sch., tab.  |c 30 cm 
504 |a Bibliogr. s. 90 
650 0 7 |a rastlinstvo  |x geografia regionálna  |2 SNK  |9 638091 
655 7 |a Textbooks (higher)  |2 SNKPHeng  |9 276436 
655 7 |a učebnice vysokých škôl  |2 SNKPH  |9 70191 
700 1 |a Nevřelová, Marta,  |d 1970-  |4 aut  |9 1635311 
700 1 |a Reháčková, Tamara,  |d 1965-  |4 aut  |9 223186 
919 |a 80-85697-94-7 
958 |a TL 
958 |a UV 
958 |a NB 
999 |c 985039  |d 986969 
952 |t P60, <03>, [BOOK], {603}  |a SNK  |b SNK  |y PREZ  |7 0  |p 17A0322325  |o snkSB 64117  |i snkKSP 12961/2001  |0 0  |1 0  |4 0  |d 2001-11-16  |f 1  |l 0  |r 2025-04-17 00:00:00  |w 2026-02-24 
952 |t P60, <04>, [BOOK], {604}  |a SNK  |b SNK  |y VYP  |7 0  |p 17A0322326  |o snkSB 64117 D1  |i snkKSP 12962/2001  |0 0  |1 0  |4 0  |d 2001-11-16  |l 0  |r 2005-01-02 00:00:00  |w 2026-02-24